书目信息 |
| 题名: |
列宁论苏维埃俄国社会主义经济建设
|
|
| 作者: | ;中共中央马克思恩格斯列宁斯大林著作编译局 编 | |
| 分册: | ||
| 出版信息: | 北京 人民出版社 1979 |
|
| 页数: | 294页 | |
| 开本: | 20cm | |
| 丛书名: | ||
| 单 册: | ||
| 中图分类: | A22 | |
| 科图分类: | ||
| 主题词: | 列宁著作-经济建设 , 经济建设-列宁著作 , 列字著作--单行本 | |
| 电子资源: | ||
| ISBN: | ||
| 000 | 00805nam0 2200241 45 | |
| 001 | 1258400375 | |
| 005 | 20121003161442.93 | |
| 010 | @dCNY0.65 | |
| 091 | @aCN@b1001.1174 | |
| 100 | @a19950714d1979 em y0chiy0121 ea | |
| 101 | 0 | @achi |
| 102 | @aCN@b110000 | |
| 105 | @ay z 000yy | |
| 200 | 10 | @a列宁论苏维埃俄国社会主义经济建设@Alie ning lun su wei ai e guo she hui zhu yi jing ji jian she@f中共中央马克思恩格斯列宁斯大林著作编译局编 |
| 210 | @a北京@c人民出版社@d1979 | |
| 215 | @a294页@d20cm | |
| 606 | 0 | @a列宁著作-经济建设 |
| 606 | 0 | @a经济建设-列宁著作 |
| 606 | 0 | @a列字著作@x单行本 |
| 690 | @aA22@v4 | |
| 711 | 02 | @a中共中央马克思恩格斯列宁斯大林著作编译局@Azhong gong zhong yang ma ke sien ge si lie ning si da lin zhu zuo bian yi ju@4编 |
| 801 | 0 | @aCN@bTSSF |
| 905 | @a10447@dA22@eJY6 | |
| 列宁论苏维埃俄国社会主义经济建设/中共中央马克思恩格斯列宁斯大林著作编译局编.-北京:人民出版社,1979 |
| 294页;20cm |
| ISBN :CNY0.65 |
| ● |
| 相关链接 |
|
|
|
|
正题名:列宁论苏维埃俄国社会主义经济建设
索取号:A22/JY6
 
预约/预借
| 序号 | 登录号 | 条形码 | 馆藏地/架位号 | 状态 | 备注 |
| 1 | 7800321 | 278003214 | 学院路分馆/ [索取号:A22/JY6] | 在馆 |